[Event "I Open Magistrale"]
[Site "Taranto ITA"]
[Date "2002.08.31"]
[Round "4"]
[White "Collutiis, Duilio"]
[Black "Miezis, Normunds"]
[Result "0-1"]
[WhiteElo "2308"]
[BlackElo "2510"]
[PlyCount "103"]
[EventDate "2002.08.29"]

1. e4 c5 2. Nf3 e6 3. d4 cxd4 4. Nxd4 a6 5. Nc3 Qc7 6. g3 Bb4 7. Nde2 Nf6 8.
Bg2 Nc6 9. Bf4 d6 10. a3 Bxc3+ 11. Nxc3 Ne5 12. O-O h6 13. Bc1 h5 14. h3 Bd7
15. Qd4 Rc8 16. Rd1 Ke7 17. Bf4 Rhd8 18. Qb4 a5 19. Qd4 Be8 20. Bc1 Kf8 21. f4
Nc4 22. b3 Ne5 23. Bb2 Ng6 24. Qf2 b5 25. Rd2 Bc6 26. e5 dxe5 27. Qc5+ Kg8 28.
Rxd8+ Qxd8 29. Bxc6 Qd2 30. fxe5 Nd7 31. Qxb5 Ndxe5 32. Be4 Qd4+ 33. Kh1 Rxc3
34. Re1 f5 35. Bg2 Qd2 36. Qe2 Qd4 37. Qb5 Qd2 38. Qe2 Qd4 39. Bxc3 Qxc3 40.
Qf2 a4 41. Re3 Qd4 42. Qe1 axb3 43. cxb3 h4 44. gxh4 Nd3 45. Qd2 Ngf4 46. Bf1
Qa1 47. Kg1 Ne5 48. Kf2 Neg6 49. h5 Nxh5 50. Rxe6 Ngf4 51. Re8+ Kh7 52. Qd8 0-1

[Event "I Open Magistrale"]
[Site "Taranto ITA"]
[Date "2002.08.31"]
[Round "4"]
[White "Di Lascio, Savino"]
[Black "Shytaj, Carlo"]
[Result "0-1"]
[WhiteElo "1918"]
[BlackElo "2112"]
[PlyCount "64"]
[EventDate "2002.08.29"]

1. Nf3 Nf6 2. g3 b6 3. Bg2 Bb7 4. O-O e6 5. d3 Be7 6. Nbd2 c5 7. e4 d5 8. exd5
exd5 9. Re1 O-O 10. Ne5 Nbd7 11. c4 Nxe5 12. Rxe5 Qc7 13. Qe2 Bd6 14. Rf5 Rae8
15. Qf3 Re1+ 16. Nf1 Nd7 17. Rg5 g6 18. Qh5 dxc4 19. dxc4 Bxg2 20. Kxg2 Qc6+
21. Qf3 Qxf3+ 22. Kxf3 Ne5+ 23. Rxe5 Bxe5 24. Ne3 Bd4 25. Nc2 Rd1 26. Ke2 Rh1
27. h4 Re8+ 28. Ne3 f5 29. Kf3 Bxe3 30. fxe3 Re1 31. a4 R8xe3+ 32. Kf2 R3e2+
0-1

[Event "I Open Magistrale"]
[Site "Taranto ITA"]
[Date "2002.08.31"]
[Round "4"]
[White "Ferri, Stefano"]
[Black "Tommaselli, Giacomo"]
[Result "1/2-1/2"]
[WhiteElo "2083"]
[BlackElo "2045"]
[PlyCount "138"]
[EventDate "2002.08.29"]

1. d4 Nf6 2. Nf3 e6 3. g3 b6 4. Bg2 Bb7 5. O-O d5 6. c4 Nbd7 7. Nc3 Bb4 8. Ne5
Bxc3 9. bxc3 Ne4 10. cxd5 Nxc3 11. Qc2 Nxd5 12. Nc6 Bxc6 13. Qxc6 O-O 14. Ba3
Re8 15. Rac1 Rc8 16. Rfd1 N7f6 17. e4 Ne7 18. Qb7 a5 19. d5 exd5 20. exd5 Qd7
21. Bxe7 Rb8 22. Qa7 Qxe7 23. Qxc7 Qxc7 24. Rxc7 Red8 25. d6 Ne8 26. Rc6 g6 27.
Bf1 Rd7 28. Bb5 Rbd8 29. Rxb6 Rxd6 30. Rdxd6 Nxd6 31. Bc6 Nc4 32. Ra6 Rd2 33.
a4 Ra2 34. Bb5 Na3 35. Bf1 Ra1 36. Rxa5 Nc4 37. Ra8+ Kg7 38. Kg2 Nd2 39. Bb5
Ra2 40. Bc6 f5 41. Ra7+ Kf6 42. Rf7+ Ke6 43. Rxh7 Ne4 44. Be8 Rxf2+ 45. Kg1 Rd2
46. Bxg6 Kf6 47. Bh5 Ra2 48. Ra7 Kg5 49. Bf7 Rd2 50. Ra5 Kg4 51. Rd5 Rb2 52.
Bg6 Rb1+ 53. Kg2 Rb2+ 54. Kf1 Nd2+ 55. Ke2 Nf3+ 56. Kd3 Nxh2 57. Bxf5+ Kxg3 58.
Kc3 Ra2 59. Kb3 Ra1 60. Bc2 Nf3 61. Kb2 Rh1 62. a5 Rh8 63. a6 Ra8 64. Bd3 Ra7
65. Kb3 Kf4 66. Kb4 Ne5 67. Ka4 Rc7 68. Rd6 Nd7 69. Kb5 Ke5 1/2-1/2

[Event "I Open Magistrale"]
[Site "Taranto ITA"]
[Date "2002.08.31"]
[Round "4"]
[White "Martorelli, Antonio"]
[Black "Voiska, Margarita"]
[Result "0-1"]
[WhiteElo "2264"]
[BlackElo "2356"]
[PlyCount "78"]
[EventDate "2002.08.29"]

1. e4 d6 2. d4 Nf6 3. Nc3 e5 4. Nf3 Nbd7 5. Bc4 Be7 6. O-O O-O 7. a4 c6 8. b3
b6 9. Bb2 a6 10. Qe2 Bb7 11. Rad1 Qc7 12. Qe3 Ng4 13. Qc1 exd4 14. Rxd4 b5 15.
Be2 b4 16. Rxb4 c5 17. Rxb7 Qxb7 18. Qf4 Nge5 19. Nd5 Rae8 20. Nxe5 dxe5 21.
Bxe5 Bg5 22. Qxg5 Rxe5 23. Qg4 f5 24. Qg3 fxe4 25. Nf4 Rfe8 26. Bc4+ Kh8 27.
Rd1 Nf8 28. Qh3 e3 29. fxe3 Rxe3 30. Qh4 a5 31. Nd5 R3e5 32. Qf2 Ne6 33. Rf1
Rxd5 34. Qf3 Red8 35. Qe4 Qd7 36. Re1 Rd1 37. Bxe6 Qd4+ 38. Qxd4 Rxe1+ 39. Kf2
Rxd4 0-1

[Event "I Open Magistrale"]
[Site "Taranto ITA"]
[Date "2002.08.31"]
[Round "4"]
[White "Mrdja, Milan"]
[Black "Lanzillotta, Angelo"]
[Result "1-0"]
[WhiteElo "2370"]
[BlackElo "1909"]
[PlyCount "65"]
[EventDate "2002.08.29"]

1. e4 c5 2. Nf3 Nc6 3. Bb5 g6 4. Bxc6 dxc6 5. h3 e5 6. d3 f6 7. Nc3 Nh6 8. Be3
Nf7 9. Qd2 Be6 10. Nh2 g5 11. O-O-O Qa5 12. Kb1 O-O-O 13. Qe1 Kb8 14. Bd2 Qa6
15. b3 b5 16. Ng4 Be7 17. Ne3 Nd6 18. Bc1 c4 19. d4 exd4 20. Rxd4 b4 21. Na4
Nb5 22. Rxd8+ Rxd8 23. Qf1 cxb3 24. axb3 Nc7 25. Bb2 Qxf1+ 26. Rxf1 Nb5 27. Kc1
Nd4 28. Re1 Nxb3+ 29. cxb3 Bxb3 30. Nf5 Bxa4 31. Nxe7 Rf8 32. Bd4 Bb5 33. Bc5
1-0

[Event "I Open Magistrale"]
[Site "Taranto ITA"]
[Date "2002.08.31"]
[Round "4"]
[White "Rizzo, Giovanbattista"]
[Black "Ramondino, Renzo"]
[Result "1/2-1/2"]
[WhiteElo "2088"]
[BlackElo "2164"]
[PlyCount "122"]
[EventDate "2002.08.29"]

1. d4 d6 2. e4 g6 3. c4 Bg7 4. Nc3 Nf6 5. h3 O-O 6. Bg5 Na6 7. Nf3 Qe8 8. Bd3
e5 9. Bc2 exd4 10. Nxd4 Nxe4 11. Bxe4 f5 12. O-O fxe4 13. Rc1 Qe5 14. Be3 Nc5
15. Nde2 Ne6 16. Ng3 Bd7 17. Qd5 Bc6 18. Qxe5 Bxe5 19. Ngxe4 Nf4 20. Bxf4 Rxf4
21. Nd2 Rd4 22. Rc2 Bf4 23. Nb3 Rxc4 24. Na5 Rc5 25. b4 Rxa5 26. bxa5 a6 27.
Ne2 Be5 28. Rfc1 d5 29. f4 Bg7 30. Rd2 Re8 31. Nd4 Bxd4+ 32. Rxd4 Re2 33. a4
Ra2 34. Rb1 Rc2 35. Rb3 Rc5 36. Kf2 Rxa5 37. Ke3 Rc5 38. g4 b6 39. f5 Bb7 40.
Kf4 Rc6 41. Ke5 Rd6 42. Rc3 Rd7 43. Ke6 Rg7 44. f6 Rf7 45. g5 c5 46. Rxd5 Bxd5+
47. Kxd5 h6 48. h4 hxg5 49. hxg5 Rh7 50. a5 bxa5 51. Rxc5 Rb7 52. Rxa5 Rb6 53.
Rc5 Rb7 54. Rc6 Kf7 55. Rc5 Rb6 56. Rc7+ Kf8 57. Rc6 Rb1 58. Rxa6 Rd1+ 59. Ke4
Re1+ 60. Kf3 Rf1+ 61. Kg2 Rf5 1/2-1/2

[Event "I Open Magistrale"]
[Site "Taranto ITA"]
[Date "2002.08.31"]
[Round "4"]
[White "Sansonetti, Giorgio"]
[Black "Shytaj, Luca"]
[Result "0-1"]
[WhiteElo "2133"]
[BlackElo "2216"]
[PlyCount "116"]
[EventDate "2002.08.29"]

1. d4 Nf6 2. Nf3 e6 3. Bg5 c5 4. c3 cxd4 5. cxd4 Qa5+ 6. Nc3 Ne4 7. Bd2 Nxd2 8.
Qxd2 d5 9. e3 Nc6 10. Be2 Bd7 11. O-O Be7 12. a3 O-O 13. Ne1 Qd8 14. f4 Na5 15.
Bd1 Nc4 16. Qf2 b5 17. Nd3 Qc7 18. Bf3 a5 19. Rfc1 Qb6 20. Ne5 Nxe5 21. fxe5 b4
22. axb4 axb4 23. Ne2 b3 24. Rab1 Rac8 25. Rf1 Bb5 26. Bh5 g6 27. Qg3 Kh8 28.
Bf3 Qd8 29. Rfd1 Rc2 30. Qe1 Bh4 31. g3 Be7 32. Nc1 Bc4 33. Be2 Qa8 34. Bd3 f6
35. Nxb3 Bxb3 36. Ra1 Qb8 37. Bxc2 Bxc2 38. Rdc1 Be4 39. Qc3 Bb4 40. Qc7 Bd2
41. Qxb8 Bxe3+ 42. Kf1 Rxb8 43. Rc7 Bxd4 44. exf6 Bxb2 45. Raa7 Bxf6 46. Rxh7+
Kg8 47. h4 d4 48. Rhd7 Bf5 49. Ke1 Rc8 50. Kd1 d3 51. Kd2 Bc3+ 52. Ke3 d2 53.
Rxd2 Bxd2+ 54. Kxd2 Rc4 55. Ke3 Kf8 56. Kf3 e5 57. Rh7 Rc3+ 58. Kf2 Bg4 0-1

[Event "I Open Magistrale"]
[Site "Taranto ITA"]
[Date "2002.08.31"]
[Round "4"]
[White "Sautto, Daniele"]
[Black "Fiore, Mario"]
[Result "1/2-1/2"]
[WhiteElo "2097"]
[BlackElo "2313"]
[PlyCount "69"]
[EventDate "2002.08.29"]

1. e4 c5 2. Nc3 Nc6 3. g3 g6 4. Bg2 Bg7 5. d3 e6 6. Be3 Nd4 7. Qd2 Ne7 8. Nd1
b6 9. c3 Ndc6 10. Bh6 Bxh6 11. Qxh6 Ba6 12. Nf3 Bxd3 13. Ng5 Ng8 14. Qh4 h6 15.
f4 Qf6 16. Nh3 Qxh4 17. gxh4 Nge7 18. Ne3 f5 19. e5 Ba6 20. O-O-O O-O-O 21. Bf3
Rhg8 22. Rhg1 Kc7 23. h5 g5 24. Bxc6 gxf4 25. Rxg8 Nxg8 26. Nxf4 Kxc6 27. Nxe6
Re8 28. Rd6+ Kb7 29. Rxd7+ Kc8 30. Rc7+ Kb8 31. Rg7 Bc8 32. Nf4 Rxe5 33. Nc4
Re1+ 34. Kc2 Nf6 35. Nd6 1/2-1/2

[Event "I Open Magistrale"]
[Site "Taranto ITA"]
[Date "2002.08.31"]
[Round "5"]
[White "Fiore, Mario"]
[Black "Martorelli, Antonio"]
[Result "0-1"]
[WhiteElo "2313"]
[BlackElo "2264"]
[PlyCount "58"]
[EventDate "2002.08.29"]

1. e4 c5 2. Nf3 e6 3. d4 cxd4 4. Nxd4 a6 5. Bd3 Bc5 6. Nb3 Ba7 7. Qe2 Nc6 8.
Be3 d6 9. O-O Nf6 10. f4 O-O 11. Nc3 e5 12. Bxa7 Rxa7 13. Nd5 b5 14. a4 exf4
15. axb5 Nxd5 16. exd5 Ne5 17. Rxf4 Re7 18. Qf2 axb5 19. Bxb5 g5 20. Rfa4 Ng4
21. Qd4 f5 22. Bd3 Rfe8 23. Ra7 Bd7 24. Nd2 Re1+ 25. Rxe1 Rxe1+ 26. Nf1 Ne5 27.
Qb4 Nxd3 28. Qxd6 Qe8 29. cxd3 Qe3+ 0-1

[Event "I Open Magistrale"]
[Site "Taranto ITA"]
[Date "2002.08.31"]
[Round "5"]
[White "Laketic, Gojko"]
[Black "Drazic, Sinisa"]
[Result "1/2-1/2"]
[WhiteElo "2448"]
[BlackElo "2486"]
[PlyCount "48"]
[EventDate "2002.08.29"]

1. d4 d5 2. c4 dxc4 3. e3 e5 4. Bxc4 exd4 5. exd4 Nf6 6. Nf3 Be7 7. Nc3 O-O 8.
h3 a6 9. O-O b5 10. Bb3 Nc6 11. Bg5 Bb7 12. Re1 Na5 13. Bc2 h6 14. Bh4 c5 15.
dxc5 Bxc5 16. Qxd8 Raxd8 17. Bxf6 gxf6 18. Ne4 Be7 19. Nh4 Bc8 20. Ng3 Rfe8 21.
Nhf5 Bf8 22. Nh5 Rxe1+ 23. Rxe1 Bxf5 24. Bxf5 Rd6 1/2-1/2

[Event "I Open Magistrale"]
[Site "Taranto ITA"]
[Date "2002.08.31"]
[Round "5"]
[White "Lamola, Giuseppe"]
[Black "Di Lascio, Savino"]
[Result "1-0"]
[WhiteElo "2049"]
[BlackElo "1918"]
[PlyCount "121"]
[EventDate "2002.08.29"]

1. e4 c6 2. d4 d5 3. Nc3 dxe4 4. Nxe4 Nf6 5. Nxf6+ gxf6 6. Bf4 Bf5 7. Nf3 Nd7
8. Qd2 e6 9. O-O-O Nb6 10. Bd3 Bxd3 11. Qxd3 Nd5 12. Bg3 Qa5 13. Kb1 O-O-O 14.
Qb3 h5 15. c4 Nc7 16. Rd3 Be7 17. Rhd1 Na6 18. a3 Rd7 19. Qc2 Qf5 20. R3d2
Qxc2+ 21. Kxc2 Rhd8 22. b4 Nc7 23. Kc3 Bf8 24. Ng1 Bh6 25. Rd3 Rg8 26. Nf3 Bg7
27. h4 Rgd8 28. Ng1 e5 29. dxe5 fxe5 30. Rxd7 Rxd7 31. Rxd7 Kxd7 32. Kd3 f5 33.
f3 Ke6 34. Bf2 a6 35. Ne2 b5 36. Ng3 Bh6 37. cxb5 axb5 38. Kc2 Nd5 39. Nxh5 f4
40. g4 fxg3 41. Nxg3 Be3 42. Bxe3 Nxe3+ 43. Kc3 Nc4 44. a4 Nb6 45. a5 Nd7 46.
a6 Nb6 47. a7 Nd5+ 48. Kd2 Nc7 49. Kd3 Kd5 50. h5 Ke6 51. Ke4 Kf6 52. h6 Kg6
53. Nf5 Kh7 54. Kxe5 c5 55. bxc5 b4 56. Nd4 Kxh6 57. Kd6 b3 58. Nxb3 Nb5+ 59.
Kd7 Nxa7 60. c6 Kg5 61. c7 1-0

[Event "I Open Magistrale"]
[Site "Taranto ITA"]
[Date "2002.08.31"]
[Round "5"]
[White "Ljubisavljevic, Zivojin Z."]
[Black "Campanile, Roberto"]
[Result "1/2-1/2"]
[WhiteElo "2275"]
[BlackElo "2182"]
[PlyCount "65"]
[EventDate "2002.08.29"]

1. e4 c5 2. Nc3 Nc6 3. g3 g6 4. Bg2 Bg7 5. f4 e6 6. Nf3 Nge7 7. O-O O-O 8. Ne2
d5 9. e5 f6 10. exf6 Bxf6 11. d3 Rb8 12. a4 a6 13. c3 d4 14. g4 b5 15. axb5
axb5 16. cxd4 cxd4 17. Ng3 Qb6 18. Qe2 Nd5 19. f5 exf5 20. gxf5 Ne3 21. Bxe3
dxe3 22. fxg6 hxg6 23. Kh1 Bg4 24. Rae1 Ne5 25. Qxe3 Qxe3 26. Rxe3 Nxf3 27.
Bxf3 Bxf3+ 28. Rexf3 Bxb2 29. Rxf8+ Rxf8 30. Kg2 Rxf1 31. Nxf1 Kf7 32. Nd2 Ke6
33. Kf3 1/2-1/2

[Event "I Open Magistrale"]
[Site "Taranto ITA"]
[Date "2002.08.31"]
[Round "5"]
[White "Lorusso, Lucio"]
[Black "Ariete, Gerardo"]
[Result "1-0"]
[WhiteElo "1902"]
[BlackElo "2106"]
[PlyCount "89"]
[EventDate "2002.08.29"]

1. e4 e5 2. Nf3 Nc6 3. Bb5 a6 4. Bxc6 dxc6 5. O-O Qd6 6. d4 exd4 7. Nxd4 c5 8.
Ne2 Bd7 9. Bf4 Qxd1 10. Rxd1 O-O-O 11. Nbc3 Ne7 12. f3 f6 13. Rd2 Nc6 14. Rad1
Ne5 15. b3 Bd6 16. Nd5 Be6 17. Nec3 Rhe8 18. Bg3 Nc6 19. Nb6+ Kb8 20. Bxd6 cxd6
21. Nca4 Kc7 22. c3 Bf7 23. Nd5+ Bxd5 24. Rxd5 b5 25. Nb2 Ne7 26. Rh5 h6 27.
Rd2 Kc6 28. Nd3 d5 29. exd5+ Rxd5 30. Rxd5 Nxd5 31. c4 bxc4 32. bxc4 Nb6 33.
Rc2 Re3 34. Nf4 g5 35. Nh5 f5 36. Kf2 Re6 37. Ng3 f4 38. Ne4 Re7 39. g3 Nd7 40.
gxf4 gxf4 41. Rd2 Re6 42. Rxd7 Kxd7 43. Nxc5+ Kd6 44. Nxe6 Kxe6 45. Ke2 1-0

[Event "I Open Magistrale"]
[Site "Taranto ITA"]
[Date "2002.08.31"]
[Round "5"]
[White "Patavia, Antonio"]
[Black "Ferri, Stefano"]
[Result "1/2-1/2"]
[WhiteElo "2099"]
[BlackElo "2083"]
[PlyCount "34"]
[EventDate "2002.08.29"]

1. e4 c5 2. Nf3 e6 3. d4 cxd4 4. Nxd4 a6 5. Bd3 Qc7 6. O-O Nc6 7. Nxc6 dxc6 8.
f4 b5 9. Be3 Nf6 10. Nd2 Bb7 11. c4 Rd8 12. Qe2 Ng4 13. Nf3 Nxe3 14. Qxe3 Qd6
15. Rfd1 Qc5 16. Qxc5 Bxc5+ 17. Kf1 Ke7 1/2-1/2

[Event "I Open Magistrale"]
[Site "Taranto ITA"]
[Date "2002.08.31"]
[Round "5"]
[White "Ramondino, Renzo"]
[Black "Ficco, Corrado"]
[Result "1/2-1/2"]
[WhiteElo "2164"]
[BlackElo "2124"]
[PlyCount "107"]
[EventDate "2002.08.29"]

1. e4 c5 2. Nf3 Nc6 3. d4 cxd4 4. Nxd4 e6 5. Nb5 Nf6 6. N1c3 d6 7. Bf4 e5 8.
Bg5 a6 9. Na3 b5 10. Nd5 Be7 11. Bxf6 Bxf6 12. c3 Ne7 13. Nc2 O-O 14. Nxe7+
Bxe7 15. a4 bxa4 16. Bc4 a5 17. O-O Rb8 18. Ra2 Be6 19. Bd5 Rb5 20. Ne3 Qb8 21.
Rxa4 Rxb2 22. Rxa5 Rb5 23. Qa4 Rxa5 24. Qxa5 Bd8 25. Qa2 Qc8 26. Rb1 Bg5 27.
Nc4 Bxd5 28. exd5 Qc5 29. Na5 Qxc3 30. Nc6 g6 31. Qb3 Qc5 32. Qb5 Qc2 33. Ra1
Kg7 34. g3 Bf6 35. Qb4 e4 36. Re1 Re8 37. Qxd6 Qd2 38. Rf1 e3 39. fxe3 Qxe3+
40. Kg2 Bd4 41. Qf4 Qxf4 42. Rxf4 Bc5 43. Rc4 Bd6 44. Ra4 Re2+ 45. Kh3 Rd2 46.
Rd4 Rxd4 47. Nxd4 Kf6 48. Nc6 Kf5 49. Nd8 Kf6 50. Kg4 h5+ 51. Kf3 h4 52. gxh4
Bxh2 53. Kg4 Ke7 54. Nxf7 1/2-1/2

[Event "I Open Magistrale"]
[Site "Taranto ITA"]
[Date "2002.08.31"]
[Round "5"]
[White "Sautto, Daniele"]
[Black "Collutiis, Duilio"]
[Result "1/2-1/2"]
[WhiteElo "2097"]
[BlackElo "2308"]
[PlyCount "74"]
[EventDate "2002.08.29"]

1. e4 c5 2. Nc3 Nc6 3. g3 e6 4. Bg2 Nf6 5. Nge2 Be7 6. O-O O-O 7. d4 cxd4 8.
Nxd4 Qc7 9. Be3 a6 10. Kh1 d6 11. f4 Re8 12. e5 dxe5 13. Nxc6 bxc6 14. fxe5 Nd5
15. Nxd5 exd5 16. Rxf7 Be6 17. Rf2 Qxe5 18. Bd4 Qd6 19. Qd2 c5 20. Be3 Rad8 21.
Re1 Bf6 22. Bg5 Bxg5 23. Qxg5 Bf7 24. Rfe2 Rxe2 25. Rxe2 d4 26. Re7 h6 27. Qe5
Qxe5 28. Rxe5 c4 29. Re2 c3 30. b3 d3 31. cxd3 Rxd3 32. Be4 Bh5 33. Bxd3 Bxe2
34. Bc2 Kf7 35. Kg2 Kf6 36. Kf2 Bb5 37. a4 Bd7 1/2-1/2

[Event "I Open Magistrale"]
[Site "Taranto ITA"]
[Date "2002.08.31"]
[Round "5"]
[White "Shytaj, Carlo"]
[Black "Dragojlovic, Andjelko"]
[Result "1/2-1/2"]
[WhiteElo "2112"]
[BlackElo "2351"]
[PlyCount "58"]
[EventDate "2002.08.29"]

1. e4 c5 2. c3 g6 3. d4 cxd4 4. cxd4 d5 5. e5 Nc6 6. Nc3 Nh6 7. Bb5 Nf5 8. Nge2
e6 9. Bf4 h5 10. Qd2 Bd7 11. Bg5 Be7 12. Bxe7 Qxe7 13. O-O h4 14. Ba4 a6 15.
Rac1 Qb4 16. Rfd1 b5 17. a3 Qf8 18. Bc2 Nfe7 19. b4 Qh6 20. Bd3 Qxd2 21. Rxd2
O-O 22. Rdc2 Kg7 23. Nb1 g5 24. Nd2 f6 25. Nf3 fxe5 26. Nxe5 Nxe5 27. dxe5 Rfc8
28. Nd4 Rxc2 29. Rxc2 Rc8 1/2-1/2

[Event "I Open Magistrale"]
[Site "Taranto ITA"]
[Date "2002.08.31"]
[Round "5"]
[White "Tommaselli, Giacomo"]
[Black "Sansonetti, Giorgio"]
[Result "1/2-1/2"]
[WhiteElo "2045"]
[BlackElo "2133"]
[PlyCount "48"]
[EventDate "2002.08.29"]

1. d4 e6 2. Nf3 c5 3. c3 Nf6 4. Bg5 cxd4 5. Bxf6 Qxf6 6. cxd4 Nc6 7. e4 Bb4+ 8.
Nc3 g5 9. Bb5 g4 10. Bxc6 bxc6 11. Ne5 h5 12. Qa4 Bxc3+ 13. bxc3 Qf4 14. Qc2
Ba6 15. c4 c5 16. O-O Bb7 17. Qa4 Rd8 18. Rfe1 cxd4 19. Nd3 Qb8 20. Rab1 Qa8
21. c5 Bxe4 22. Qxd4 Bxd3 23. Rb3 O-O 24. Rxd3 Qc6 1/2-1/2

[Event "I Open Magistrale"]
[Site "Taranto ITA"]
[Date "2002.09.01"]
[Round "6"]
[White "Ariete, Gerardo"]
[Black "Patavia, Antonio"]
[Result "1-0"]
[WhiteElo "2106"]
[BlackElo "2099"]
[PlyCount "122"]
[EventDate "2002.08.29"]

1. e4 e6 2. d4 d5 3. Nd2 Nf6 4. e5 Ng8 5. c3 Qd7 6. a3 b6 7. Bd3 Ba6 8. Bc2 Ne7
9. Ne2 Ng6 10. g3 c5 11. f4 Ne7 12. Nf3 h5 13. O-O Nf5 14. Re1 g6 15. Rb1 Be7
16. Kg2 Kf8 17. h3 Nc6 18. Ba4 Qc7 19. Bc2 Rc8 20. Bd3 Bxd3 21. Qxd3 c4 22. Qc2
Na5 23. Bd2 Nb3 24. Nc1 Nxc1 25. Rbxc1 b5 26. Rh1 a5 27. g4 Nh4+ 28. Nxh4 Bxh4
29. g5 Rb8 30. Rhf1 Rg8 31. Rf3 a4 32. Rg1 Qe7 33. Qd1 Ke8 34. Kh2 Kd7 35. Rff1
Kc6 36. Rg2 Ra8 37. Rfg1 Rad8 38. Qf3 Ra8 39. f5 exf5 40. Qf4 Qe6 41. Qxh4 Rh8
42. Rf1 Rag8 43. Rf4 Rh7 44. Rgf2 Rhh8 45. R2f3 Rh7 46. Qf2 Rgg7 47. h4 Kd7 48.
Qg2 Kc6 49. Rf1 Rh8 50. Qf2 Rhh7 51. Be3 Rh8 52. Qc2 Rhh7 53. Bf2 Kd7 54. Bg3
Rg8 55. Qb1 Rhh8 56. Qc2 Rg7 57. Qg2 Kc6 58. Qh3 Kd7 59. Kg2 Rgg8 60. Re1 Rh7
61. Kf3 Rgh8 1-0

[Event "I Open Magistrale"]
[Site "Taranto ITA"]
[Date "2002.09.01"]
[Round "6"]
[White "Cioara, Andrei Nestor"]
[Black "Shytaj, Luca"]
[Result "1-0"]
[WhiteElo "2414"]
[BlackElo "2216"]
[PlyCount "49"]
[EventDate "2002.08.29"]

1. e4 c5 2. Nf3 d6 3. d4 cxd4 4. Nxd4 Nf6 5. Nc3 a6 6. f3 e5 7. Nb3 Be7 8. Be3
Be6 9. Qd2 Qc7 10. g4 h6 11. O-O-O b5 12. Kb1 Nbd7 13. h4 Nb6 14. Bxb6 Qxb6 15.
Rh2 Qb7 16. Na5 Qc7 17. Nd5 Nxd5 18. exd5 Bd7 19. Bd3 Bd8 20. Nc6 Bxc6 21. dxc6
Be7 22. Be4 O-O-O 23. c4 bxc4 24. Qb4 d5 25. Bf5+ 1-0

[Event "I Open Magistrale"]
[Site "Taranto ITA"]
[Date "2002.09.01"]
[Round "6"]
[White "Drazic, Sinisa"]
[Black "Miezis, Normunds"]
[Result "0-1"]
[WhiteElo "2486"]
[BlackElo "2510"]
[PlyCount "120"]
[EventDate "2002.08.29"]

1. d4 Nf6 2. Bg5 d5 3. Bxf6 exf6 4. e3 Be6 5. Bd3 c5 6. dxc5 Bxc5 7. c3 Qb6 8.
Qb3 Qc7 9. Qa4+ Nc6 10. Nd2 O-O 11. Nb3 Bb6 12. Ne2 Ne5 13. Rd1 Nxd3+ 14. Rxd3
Qc4 15. Rd4 Bxd4 16. Qxc4 dxc4 17. Nbxd4 b5 18. Kd2 Rab8 19. a3 a5 20. Ra1 Rb6
21. Nc2 Rd8+ 22. Ned4 Bf5 23. f3 Bxc2 24. Kxc2 g6 25. Re1 f5 26. g3 Re8 27. Re2
Kg7 28. Re1 h5 29. h4 Re5 30. Re2 Kf6 31. Re1 Ke7 32. Kd2 Kd6 33. Nc2 Kc5 34.
Ra1 Re8 35. Ke2 f6 36. Rh1 Rd6 37. Nd4 b4 38. axb4+ axb4 39. Ra1 bxc3 40. bxc3
Rb6 41. Ra5+ Kd6 42. f4 Rb2+ 43. Kf3 Reb8 44. Ra4 Rb1 45. e4 fxe4+ 46. Kxe4 f5+
47. Kf3 Rd1 48. Rxc4 Rd3+ 49. Ke2 Rxg3 50. Kf2 Rh3 51. Nf3 Rb2+ 52. Ke3 Rg2 53.
Rd4+ Kc5 54. Rd3 Kc4 55. Rd4+ Kxc3 56. Rd3+ Kc4 57. Rc3+ Kb4 58. Rc4+ Kb5 59.
Rc3 Rgg3 60. Ke2 Rxf3 0-1

[Event "I Open Magistrale"]
[Site "Taranto ITA"]
[Date "2002.09.01"]
[Round "6"]
[White "Ferri, Stefano"]
[Black "Di Lascio, Savino"]
[Result "0-1"]
[WhiteElo "2083"]
[BlackElo "1918"]
[PlyCount "58"]
[EventDate "2002.08.29"]

1. d4 Nf6 2. c4 e6 3. Nf3 b6 4. a3 Bb7 5. Nc3 Be7 6. Qc2 c5 7. e4 cxd4 8. Nxd4
O-O 9. Be2 Bc5 10. Be3 Bxd4 11. Bxd4 Nc6 12. Be3 Rc8 13. O-O Qe7 14. Rfd1 Ne5
15. Qa4 Nxe4 16. Nxe4 Bxe4 17. Qxa7 Nxc4 18. Bxc4 Rxc4 19. Qxd7 Qf6 20. Qb5 Bd5
21. b3 Rg4 22. g3 h5 23. h4 Qf3 24. Rxd5 exd5 25. Qxb6 Re8 26. Kh2 Ree4 27.
Qd8+ Kh7 28. Rg1 f6 29. Rg2 Rxh4+ 0-1

[Event "I Open Magistrale"]
[Site "Taranto ITA"]
[Date "2002.09.01"]
[Round "6"]
[White "Ficco, Corrado"]
[Black "Fiore, Mario"]
[Result "0-1"]
[WhiteElo "2124"]
[BlackElo "2313"]
[PlyCount "64"]
[EventDate "2002.08.29"]

1. c4 e5 2. Nc3 Bb4 3. Qc2 Nf6 4. e3 O-O 5. a3 Bxc3 6. Qxc3 Nc6 7. d3 d5 8. b3
d4 9. Qc2 dxe3 10. fxe3 Re8 11. Ne2 Bf5 12. Ng3 Bg6 13. Be2 h5 14. Bb2 Ng4 15.
Qd2 Qg5 16. Bxg4 Qxg4 17. Qe2 Rad8 18. e4 Qd7 19. O-O-O h4 20. Nf1 f5 21. exf5
Bxf5 22. Ne3 Bxd3 23. Qe1 Qe7 24. Qc3 Bg6 25. Rxd8 Rxd8 26. Rd1 Nd4 27. Rd2 Qg5
28. Ba1 Qf4 29. Kb2 Qe4 30. Rd1 Rd6 31. Ka2 Ne2 32. Qxe5 Rd2+ 0-1

[Event "I Open Magistrale"]
[Site "Taranto ITA"]
[Date "2002.09.01"]
[Round "6"]
[White "Lamola, Giuseppe"]
[Black "Tommaselli, Giacomo"]
[Result "1-0"]
[WhiteElo "2049"]
[BlackElo "2045"]
[PlyCount "57"]
[EventDate "2002.08.29"]

1. e4 d5 2. exd5 Qxd5 3. Nc3 Qa5 4. d4 Nf6 5. Bd2 c6 6. Bc4 Bf5 7. Nf3 e6 8.
Ne2 Qc7 9. Ng3 Bg6 10. h4 Nbd7 11. h5 Be4 12. Nxe4 Nxe4 13. Be3 Bb4+ 14. c3
Nxc3 15. bxc3 Bxc3+ 16. Bd2 Bxa1 17. Qxa1 Nb6 18. Bd3 Nd5 19. O-O h6 20. Ne5
O-O 21. Re1 Rac8 22. Qc1 Qe7 23. Bxh6 Qh4 24. Re4 Qxh5 25. Rg4 g6 26. Bxg6 fxg6
27. Rxg6+ Kh8 28. Bxf8 Rxf8 29. Rh6+ 1-0

[Event "I Open Magistrale"]
[Site "Taranto ITA"]
[Date "2002.09.01"]
[Round "6"]
[White "Lanzillotta, Angelo"]
[Black "Ramondino, Renzo"]
[Result "0-1"]
[WhiteElo "1909"]
[BlackElo "2164"]
[PlyCount "148"]
[EventDate "2002.08.29"]

1. d4 d6 2. c4 e5 3. dxe5 dxe5 4. Qxd8+ Kxd8 5. Nf3 f6 6. Nc3 Be6 7. e3 c6 8.
Bd3 Nh6 9. Ke2 Nd7 10. e4 Nf7 11. Rd1 a5 12. Na4 Nc5 13. Nxc5 Bxc5 14. Be3 Bxe3
15. Kxe3 Kc7 16. Rac1 Bg4 17. Be2 Bxf3 18. Bxf3 Rhd8 19. Bg4 Rxd1 20. Rxd1 Rd8
21. Rxd8 Nxd8 22. c5 b6 23. cxb6+ Kxb6 24. f4 exf4+ 25. Kxf4 Nf7 26. Be2 Kc5
27. Ke3 Ne5 28. h4 Nd7 29. g4 Nb6 30. b3 g5 31. hxg5 fxg5 32. Kd3 Kd6 33. Ke3
Ke5 34. Bd1 Nd7 35. Be2 Nc5 36. Bd3 Nd7 37. Be2 Nf6 38. Bf3 h6 39. a3 c5 40. a4
Ne8 41. Be2 Nd6 42. Bd3 Nb7 43. Bb5 Nd8 44. Bd7 Kd6 45. Bf5 Nc6 46. Kd3 Ne5+
47. Kc3 Ke7 48. Bc8 Kf6 49. Bf5 Ke7 50. Bc8 Kf7 51. Bf5 Kf6 52. Kd2 Nf7 53. Kd3
Nd6 54. Ke3 Ke5 55. Bg6 c4 56. bxc4 Nxc4+ 57. Kf3 Kd4 58. Be8 Nd2+ 59. Ke2 Nxe4
60. Bd7 Nc3+ 61. Kd2 Kc4 62. Ke3 Nd5+ 63. Kf3 Kb4 64. Bc6 Nc3 65. Ke3 Nxa4 66.
Ke4 Nc5+ 67. Kf5 Nd3 68. Be4 Nf4 69. Kf6 a4 70. Kg7 a3 71. Bb1 h5 72. gxh5
Nxh5+ 73. Kh6 g4 74. Kxh5 g3 0-1

[Event "I Open Magistrale"]
[Site "Taranto ITA"]
[Date "2002.09.01"]
[Round "6"]
[White "Martorelli, Antonio"]
[Black "Sautto, Daniele"]
[Result "1-0"]
[WhiteElo "2264"]
[BlackElo "2097"]
[PlyCount "56"]
[EventDate "2002.08.29"]

1. e4 c5 2. Nf3 e6 3. d4 cxd4 4. Nxd4 a6 5. Nc3 Nc6 6. Be2 Qc7 7. O-O Nf6 8.
Be3 b5 9. f4 Bb7 10. e5 Nxd4 11. Qxd4 Nd5 12. Nxd5 Bxd5 13. a4 b4 14. c4 bxc3
15. bxc3 Be7 16. f5 Qc6 17. fxe6 dxe6 18. Qg4 Qxc3 19. Bf4 Qd4+ 20. Kh1 g5 21.
Rad1 Qxa4 22. Rxd5 exd5 23. e6 gxf4 24. Qf5 fxe6 25. Qxe6 Qd7 26. Bh5+ Kd8 27.
Qb6+ Qc7 28. Qd4 Qd7 1-0